Vivir feliz en familia
Wedi'i Gadw mewn:
| Prif Awdur: | |
|---|---|
| Fformat: | Llyfr |
| Iaith: | Sbaeneg |
| Cyhoeddwyd: |
Barcelona
Altaya
1995
|
| Cyfres: | Biblioteca Práctica de la Vida Actual
|
| Pynciau: | |
| Tagiau: |
Ychwanegu Tag
Dim Tagiau, Byddwch y cyntaf i dagio'r cofnod hwn!
|
MARC
| LEADER | 00000nam a2200000 a 4500 | ||
|---|---|---|---|
| 001 | UCL0893 | ||
| 003 | CL-VaPUC | ||
| 008 | 030825e19950000SP |||||||||||||||||spa|d | ||
| 020 | |a 8448702751 | ||
| 082 | 0 | 4 | |a 616.8915 |b RIC |2 21 |
| 100 | 0 | |a Richardson, Ronald W |e author |9 477634 | |
| 245 | 1 | 0 | |a Vivir feliz en familia |
| 300 | |a 172 p | ||
| 942 | |c BK | ||
| 945 | |d 20030825 00:00:00 |a cmena | ||
| 260 | |a Barcelona |b Altaya |c 1995 | ||
| 650 | 0 | |a Psicoterapia familiar |9 310747 | |
| 650 | 0 | |a Relaciones interpersonales |9 307056 | |
| 650 | 0 | |a Familias |9 255641 | |
| 583 | |a last modification |c 20030825 00:00:00 |k Rodrigo Vera | ||
| 490 | 0 | |a Biblioteca Práctica de la Vida Actual | |
| 999 | |c 304618 |d 304616 | ||
| 952 | |0 0 |1 0 |4 0 |6 616_891500000000000_RIC_1995 |7 0 |8 A |9 367132 |a BIBEDU |b BIBEDU |d 2019-11-21 |i 393280K |o 616.8915 RIC 1995 |p 393280K |r 2019-11-21 |w 2019-11-21 |y BK |k EPE | ||